| 000 | 00628nam a2200205 a 4500 | ||
|---|---|---|---|
| 001 | 9077 | ||
| 003 | CO-ViMGA | ||
| 008 | 141112s2004 ck r 000 u spa d | ||
| 020 | _a9586080374 | ||
| 040 |
_aCO-ViMGA _bspa _cCO-ViMGA |
||
| 082 | 0 | 4 | _a336.34 G15d |
| 100 | 1 |
_aGalan Sarmiento, Luis Carlos, 1943 - 1989 _99385 |
|
| 245 | 1 | 0 | _aDeuda externa y reforma del sistema monetario internacional |
| 260 |
_aBogotá, _cEditora Guadalupe Ltda. 1986 |
||
| 300 | _a235 p, 21 cm | ||
| 650 | 1 | 4 |
_aDeuda Externa _99386 |
| 650 | 1 | 4 |
_aPrestamos internacionales _99387 |
| 650 | 1 | 4 |
_aSistema Monetario internacional _99388 |
| 942 |
_2ddc _cBK |
||
| 999 |
_c20639 _d20639 |
||